000 01377nam2a2200241 4500
001 RU\NLR\BIBL_A\022706020
005 20260205115945.0
010 _a978-5-91281-147-0
_9200
021 _aRU
_bКН-П-25-072549
_9КН-П-25-7032
035 _a(NLR Aleph) 022706020
090 _a13536508
_c13536508
100 _a20260121d2025 u y0rusy50 ca
101 0 _arus
102 _aRU
105 _ac z 010ay
200 1 _aСтихотворения и поэмы, 1951-2000
210 _d2025
215 _a558, [1] с.
_cпортр.
461 0 _1001RU\NLR\BIBL_A\022706017
_12001#$aСобрание сочинений$eв пяти томах$fИрэна Сергеева$g[редактор: Я. И. Драгич]$vТ. 1
_1700#1$aСергеева$bИ. А.$cпоэт, писатель$f1936-$gИрэна Андреевна$3RU\NLR\AUTH\7742818
_913547948
_aСергеева, И. А. (поэт, писатель ; 1936-)
_cСанкт-Петербург
_d2025-
_fИрэна Сергеева
_nСанкт-Петербургское отделение Общероссийской общественной организации "Союз писателей России"
_oв пяти томах
_tСобрание сочинений
_vТ. 1
942 _cBOOK
980 _aNB